Quiz o Helu - Statystyki

Ogólne statystyki
  • Ten quiz został rozwiązany 8 razy
  • Średni wynik to 6 z 15
Statystyki odpowiedzi
Wskazówka Odpowiedź % Poprawnych
Nazwa półwyspu na którym znajduję się Hel Półwysep {Helski}
100%
Słynna atrakcja na Helu, związana z zwierzętami Fokarium
75%
Powiat w którym się znajduje Powiat {pucki}
75%
Tablice rejestracyjne GPU
63%
Wieś z którą graniczy Jurata
63%
Hel jest najbardziej... się miastem w Polsce Wyludniającym
63%
W Helu znajduję się 5 co do wysokości...? Latarnia morska
50%
Przedmiot znajdujący się na fladze Złoty klucz
38%
Dawna wieś, obecnie część Helu Bór
25%
Rok nadania praw miejskich 1963
13%
Kod pocztowy 84-150
13%
Niemiecka nazwa miasta Hela
13%
Nazwa rezerwatu przyrody znajdującego się na Helu Helskie Wydmy
13%
Burmistrz miasta Mirosław Wądołowski
13%
Co znajduję się na zachodniej części wybrzeża Helu? Wraki statków wojennych
13%
Nie znaleziono quizów pasujących do podanych kryteriów
Rozkład punktacji
Procent ludzi z każdym wynikiem
Percentyl według liczby udzielonych odpowiedzi
Twoja historia wyników
Nie rozwiązałeś tego quizu